| 000 | 00776nam a2200193Ia 4500 | ||
|---|---|---|---|
| 008 | 151121s9999||||xx |||||||||||||| ||und|| | ||
| 082 | _a491।43/अग्रवा | ||
| 082 | _bHNW-75006 | ||
| 100 | _aअग्रवाल विजय | ||
| 245 | _aहिंदी भाषा : अतीत से आज तक | ||
| 260 | _b"दिवि पब्लिशर्ज एण्ड डिस्ट्रीब्यू।, दिल्ली।" | ||
| 260 | _c-- | ||
| 300 | _a165 | ||
| 600 | _aअग्रवाल विजय | ||
| 630 | _aहिंदी भाषा : अतीत से आज तक | ||
| 700 | _aअग्रवाल विजय | ||
| 730 | _aहिंदी भाषा : अतीत से आज तक | ||
| 942 | _cBOOK | ||
| 999 |
_c1256450 _d1256447 |
||